[Event "XVI Festival A"]
[Site "Cesenatico ITA"]
[Date "2012.09.04"]
[Round "4"]
[White "Barlocco, Carlo"]
[Black "Bentivegna, Francesco"]
[WhiteElo "2076"]
[BlackElo "2319"]
[Result "0-1"]
[PlyCount "160"]
[EventDate "2012.09.01"]

1. d4 d5 2. Nf3 Nf6 3. Bg5 Ne4 4. Bh4 Qd6 5. c3 Qh6 6. Na3 g5 7. Bg3 Nxg3 8.
fxg3 g4 9. Nd2 e5 10. e4 c6 11. Nc2 dxe4 12. dxe5 Be6 13. Nxe4 Nd7 14. Nd6+
Bxd6 15. Qxd6 O-O-O 16. Qd2 Qxd2+ 17. Kxd2 Nxe5+ 18. Ke3 c5 19. Be2 Bf5 20. Na3
Rhe8 21. Kf4 Bd3 22. Bxg4+ Nxg4 23. Kxg4 Be2+ 24. Kf4 Rd6 25. g4 Rf6+ 26. Kg3
Re3+ 27. Kh4 h5 28. Kxh5 Rf2 29. Rhg1 f5 30. h3 fxg4 31. hxg4 Rf5+ 32. Kg6 Rfe5
33. Rh1 Rg3 34. Rh8+ Kc7 35. Kf6 Ree3 36. g5 Rxg2 37. Rh7+ Kc6 38. Rh6 Kd5 39.
c4+ Ke4 40. g6 Reg3 41. Nb5 Ke3 42. Nd6 Rf2+ 43. Nf5+ Kd2 44. Rah1 Rgf3 45.
R6h5 Bd3 46. R1h2 Rxf5+ 47. Rxf5 Rxh2 48. g7 Bxc4 49. Rxc5 Rf2+ 50. Ke5 Bxa2
51. Ra5 Bg8 52. Rxa7 Rf7 53. Kd4 Rxg7 54. b4 Kc2 55. b5 Kb3 56. Kc5 Bh7 57. Ra8
Be4 58. Re8 Bg2 59. Re5 Rg6 60. Re1 b6+ 61. Kd4 Ka4 62. Rb1 Rg5 63. Rb2 Bf1 64.
Rf2 Bxb5 65. Rf6 Rg4+ 66. Kc3 Rc4+ 67. Kb2 Bc6 68. Rf1 Be4 69. Ra1+ Kb4 70. Rg1
b5 71. Rf1 Bd3 72. Rf3 Rc2+ 73. Ka1 Bc4 74. Rh3 Rg2 75. Re3 Kc5 76. Re8 Kb6 77.
Rb8+ Ka5 78. Ra8+ Kb4 79. Re8 Ka3 80. Re1 Ra2+ 0-1

[Event "XVI Festival A"]
[Site "Cesenatico ITA"]
[Date "2012.09.04"]
[Round "4"]
[White "De Filomeno, Simone"]
[Black "Volkov, Sergey"]
[WhiteElo "2365"]
[BlackElo "2575"]
[Result "0-1"]
[PlyCount "48"]
[EventDate "2012.09.01"]

1. e4 e6 2. d4 d5 3. Nc3 Nf6 4. e5 Nfd7 5. f4 c5 6. Nf3 Nc6 7. Be3 Be7 8. Qd2
O-O 9. Be2 b6 10. O-O Bb7 11. f5 cxd4 12. Nxd4 Nxd4 13. Bxd4 exf5 14. Rxf5 g6
15. Rf3 Bg5 16. Be3 Bxe3+ 17. Rxe3 Qg5 18. h4 Qxh4 19. Nxd5 Qg5 20. Bc4 Nxe5
21. Qd4 Rae8 22. Bb3 Re6 23. Rf1 Bxd5 24. Bxd5 Nc6 0-1

[Event "XVI Festival A"]
[Site "Cesenatico ITA"]
[Date "2012.09.04"]
[Round "4"]
[White "Friedrich, Norbert"]
[Black "Monducci, Mirko"]
[WhiteElo "2311"]
[BlackElo "1942"]
[Result "1/2-1/2"]
[PlyCount "40"]
[EventDate "2012.09.01"]

1. e4 c6 2. d4 d5 3. Nc3 dxe4 4. Nxe4 Bf5 5. Ng3 Bg6 6. Bc4 e6 7. N1e2 Bd6 8.
Nf4 Nf6 9. O-O Qc7 10. Nxg6 hxg6 11. Qf3 Nbd7 12. c3 O-O-O 13. Bg5 Qa5 14. Be3
Qc7 15. a4 Nb6 16. Bb3 Nbd5 17. Bg5 Bf4 18. Bxd5 Bxg5 19. Bb3 Qf4 20. Qxf4 Bxf4
1/2-1/2

[Event "XVI Festival A"]
[Site "Cesenatico ITA"]
[Date "2012.09.04"]
[Round "4"]
[White "Lain, Luigi"]
[Black "Roeder, Matthias"]
[WhiteElo "2212"]
[BlackElo "2432"]
[Result "0-1"]
[PlyCount "84"]
[EventDate "2012.09.01"]

1. d4 Nf6 2. c4 e6 3. Nc3 Bb4 4. Qc2 O-O 5. Bg5 c5 6. e3 h6 7. Bh4 cxd4 8. exd4
b6 9. Nf3 Bb7 10. Bd3 Be7 11. O-O Bxf3 12. gxf3 Nc6 13. Ne2 Nb4 14. Qd2 Nxd3
15. Qxd3 d5 16. b3 Qd7 17. Rac1 dxc4 18. bxc4 Rfd8 19. Rfd1 Rac8 20. Bg3 a6 21.
Rb1 Qa4 22. Rdc1 b5 23. cxb5 Rxc1+ 24. Rxc1 Qxb5 25. Qxb5 axb5 26. Rc7 Kf8 27.
Rb7 b4 28. Kf1 Nd5 29. Ke1 Bd6 30. Kd2 f5 31. Be5 Bxe5 32. dxe5 Nc3+ 33. Ke3
Nd1+ 34. Kf4 Rd2 35. Nc1 g5+ 36. Kg3 Nxf2 37. Nb3 Rxa2 38. Nd4 f4+ 39. Kg2 Ng4+
40. Kg1 Nxe5 41. Nxe6+ Kg8 42. Nd4 Rd2 0-1

[Event "XVI Festival A"]
[Site "Cesenatico ITA"]
[Date "2012.09.04"]
[Round "4"]
[White "Mrdja, Milan"]
[Black "Emami, Madjid"]
[WhiteElo "2347"]
[BlackElo "2022"]
[Result "1-0"]
[PlyCount "63"]
[EventDate "2012.09.01"]

1. e4 e6 2. d4 d5 3. Nc3 dxe4 4. Nxe4 Qd5 5. Nc3 Bb4 6. Nf3 Nf6 7. Bd3 O-O 8.
O-O Bxc3 9. bxc3 Nbd7 10. Re1 b6 11. c4 Qh5 12. Ba3 Re8 13. Qd2 Bb7 14. Ne5 Ng4
15. Nxg4 Qxg4 16. Bf1 Nf6 17. h3 Qg6 18. c3 h6 19. Qf4 Rac8 20. Re5 Nd7 21. Re3
c5 22. Rae1 cxd4 23. cxd4 Nf6 24. Bc1 Nh5 25. Qe5 Red8 26. Ra3 a6 27. g4 f5 28.
Qxe6+ Qxe6 29. Rxe6 fxg4 30. hxg4 Nf6 31. Rxb6 Bf3 32. Rxf3 1-0

[Event "XVI Festival A"]
[Site "Cesenatico ITA"]
[Date "2012.09.04"]
[Round "4"]
[White "Petkov, Vladimir"]
[Black "Zamengo, Fulvio"]
[WhiteElo "2522"]
[BlackElo "2047"]
[Result "1-0"]
[PlyCount "59"]
[EventDate "2012.09.01"]

1. Nf3 Nf6 2. c4 c5 3. Nc3 e6 4. g3 d5 5. cxd5 Nxd5 6. Bg2 Be7 7. O-O O-O 8. d4
Nc6 9. Nxd5 exd5 10. dxc5 Bxc5 11. Ne1 Be6 12. Nd3 Bb6 13. b3 Qd7 14. Bb2 d4
15. Nf4 Bf5 16. a3 Rac8 17. Rc1 Na5 18. Nd5 Rxc1 19. Bxc1 Rc8 20. b4 Nc4 21.
Bg5 Re8 22. Qc1 Nd6 23. Rd1 Ne4 24. Nxb6 axb6 25. Bd2 Rc8 26. Qa1 Nxd2 27. Rxd2
Rc4 28. Bf1 h6 29. e4 Qc6 30. Bxc4 1-0

[Event "XVI Festival A"]
[Site "Cesenatico ITA"]
[Date "2012.09.04"]
[Round "4"]
[White "Salzano, Guido"]
[Black "Castellanos Rodriguez, Renier"]
[WhiteElo "2034"]
[BlackElo "2491"]
[Result "0-1"]
[PlyCount "57"]
[EventDate "2012.09.01"]

1. e4 c5 2. c3 Nf6 3. e5 Nd5 4. d4 cxd4 5. Nf3 e6 6. cxd4 d6 7. Nc3 Nxc3 8.
bxc3 Qc7 9. Bd2 Nd7 10. exd6 Bxd6 11. Bd3 b6 12. O-O Bb7 13. h3 O-O 14. Ng5 Nf6
15. Re1 Bh2+ 16. Kh1 Bf4 17. Ne4 Bxe4 18. Bxe4 Rac8 19. Rc1 Rfd8 20. Bb1 b5 21.
Qe2 Bxd2 22. Qxd2 Nd5 23. Qd3 g6 24. Qxb5 Nxc3 25. Qd3 Qa5 26. Qd2 Qb4 27. a3
Qxd4 28. Qxd4 Rxd4 29. Kh2 0-1

[Event "XVI Festival A"]
[Site "Cesenatico ITA"]
[Date "2012.09.04"]
[Round "4"]
[White "Sharma, Dinesh K."]
[Black "Stella, Andrea"]
[WhiteElo "2361"]
[BlackElo "2456"]
[Result "1/2-1/2"]
[PlyCount "59"]
[EventDate "2012.09.01"]

1. e4 e6 2. d4 d5 3. Nc3 Nf6 4. Bg5 Bb4 5. e5 h6 6. Bd2 Bxc3 7. bxc3 Ne4 8. Qg4
Kf8 9. Bd3 Nxd2 10. Kxd2 c5 11. Nf3 c4 12. Be2 b5 13. h4 Nc6 14. a3 a5 15. h5
Bd7 16. Qf4 b4 17. axb4 axb4 18. cxb4 Nxb4 19. Rhb1 Na2 20. Qe3 Qa5+ 21. c3 Ke7
22. Bd1 Rhb8 23. Bc2 Qa3 24. Ne1 Rxb1 25. Rxb1 Ra5 26. Qg3 Rb5 27. Qxg7 Rxb1
28. Qf6+ Ke8 29. Qh8+ Ke7 30. Qf6+ 1/2-1/2

[Event "XVI Festival A"]
[Site "Cesenatico ITA"]
[Date "2012.09.04"]
[Round "4"]
[White "Valsecchi, Alessio"]
[Black "Santeramo, Domenico"]
[WhiteElo "2427"]
[BlackElo "2066"]
[Result "1-0"]
[PlyCount "135"]
[EventDate "2012.09.01"]

1. g3 Nf6 2. Bg2 e5 3. c4 Bc5 4. Nc3 O-O 5. d3 Nc6 6. a3 a5 7. Nf3 d5 8. cxd5
Nxd5 9. Bd2 Nxc3 10. Bxc3 Qe7 11. O-O Rd8 12. Qc2 Nd4 13. Bxd4 exd4 14. Rfe1
Be6 15. Nd2 Bd5 16. Rac1 Bxg2 17. Qxc5 Qxc5 18. Rxc5 Bc6 19. Rec1 a4 20. Nc4 f6
21. f3 Rd5 22. Nd2 Ra5 23. Rxa5 Rxa5 24. b4 Re5 25. Kf2 Kf7 26. g4 Re7 27. h4
h6 28. Rc4 Rd7 29. Ne4 Bb5 30. Rc5 c6 31. h5 b6 32. Rc1 Ke6 33. Ng3 Kd5 34. Nf5
c5 35. bxc5 bxc5 36. Rb1 Kc6 37. Ke1 Kb6 38. Kd2 Ka6 39. f4 Kb6 40. Ng3 Rd5 41.
Ne4 Ka5 42. Nf2 Rd7 43. Rg1 Rd5 44. Rg3 Kb6 45. e4 dxe3+ 46. Rxe3 Rd7 47. Kc3
Bc6 48. Re6 Kb5 49. Ne4 Bd5 50. Rd6 Rxd6 51. Nxd6+ Kc6 52. Ne8 Bf3 53. g5 fxg5
54. fxg5 hxg5 55. Nxg7 Bd5 56. h6 Bg8 57. Nh5 g4 58. Kd2 g3 59. Ke3 g2 60. Kf2
g1=Q+ 61. Kxg1 Bh7 62. Kf2 Bxd3 63. Ke3 Bg6 64. Nf6 Kb5 65. Ng4 Bf5 66. Ne5 Bh7
67. Kd2 Kb6 68. Ng4 1-0

[Event "XVI Festival A"]
[Site "Cesenatico ITA"]
[Date "2012.09.05"]
[Round "5"]
[White "Bentivegna, Francesco"]
[Black "Lotti, Fabio"]
[WhiteElo "2319"]
[BlackElo "1999"]
[Result "1-0"]
[PlyCount "79"]
[EventDate "2012.09.01"]

1. d4 Nf6 2. Nc3 d5 3. Bg5 Bf5 4. Bxf6 exf6 5. e4 dxe4 6. Qe2 c6 7. O-O-O Bb4
8. g4 Be6 9. d5 cxd5 10. Qb5+ Nc6 11. Qxb7 Qc8 12. Qxc8+ Rxc8 13. Nxd5 Bc5 14.
Ba6 Rb8 15. Nc3 Bxf2 16. Bb5 Rxb5 17. Nxb5 Bxg4 18. Nc7+ Ke7 19. Nd5+ Ke6 20.
Ne2 Ke5 21. Ndc3 Rd8 22. Rxd8 Nxd8 23. Rd1 Nc6 24. Rd5+ Ke6 25. Nf4+ Ke7 26.
Nfe2 g5 27. Ng3 Bg1 28. Ngxe4 Bxh2 29. Rb5 Bf4+ 30. Kb1 h5 31. Nd5+ Ke6 32.
Nexf6 Be2 33. Rc5 Kd6 34. Ne4+ Kd7 35. Ndf6+ Kc7 36. Nxg5 Kb6 37. Rf5 Bg3 38.
Nge4 Be5 39. Nd7+ Kc7 40. Nxe5 1-0

[Event "XVI Festival A"]
[Site "Cesenatico ITA"]
[Date "2012.09.05"]
[Round "5"]
[White "Castellanos Rodriguez, Renier"]
[Black "Petkov, Vladimir"]
[WhiteElo "2491"]
[BlackElo "2522"]
[Result "1/2-1/2"]
[PlyCount "33"]
[EventDate "2012.09.01"]

1. e4 c5 2. Nf3 d6 3. d4 cxd4 4. Nxd4 Nf6 5. Nc3 a6 6. Bg5 e6 7. f4 h6 8. Bh4
Qb6 9. Bxf6 gxf6 10. Qd2 Nc6 11. Nb3 Bd7 12. O-O-O O-O-O 13. Be2 h5 14. Rhf1
Kb8 15. Kb1 Rc8 16. Rf3 Na5 17. Nxa5 1/2-1/2

[Event "XVI Festival A"]
[Site "Cesenatico ITA"]
[Date "2012.09.05"]
[Round "5"]
[White "Dobboletta, Alex"]
[Black "Valsecchi, Alessio"]
[WhiteElo "2013"]
[BlackElo "2427"]
[Result "0-1"]
[PlyCount "60"]
[EventDate "2012.09.01"]

1. e4 c5 2. Nf3 d6 3. d4 cxd4 4. Nxd4 Nf6 5. Nc3 g6 6. Be3 a6 7. f3 b5 8. Qd2
Bb7 9. g4 Nbd7 10. h4 b4 11. Nce2 e5 12. Nb3 d5 13. g5 dxe4 14. gxf6 exf3 15.
Ng3 Nxf6 16. Qxd8+ Rxd8 17. Bg5 Rd6 18. Bxf6 Rxf6 19. O-O-O Bh6+ 20. Kb1 Bf4
21. Nc5 Bxg3 22. Nxb7 O-O 23. Nc5 Rf4 24. Rh3 Bxh4 25. Nd3 Rd8 26. Rc1 Re4 27.
Rxf3 Bg5 28. Rd1 Red4 29. Rg3 Bf4 30. Rf3 g5 0-1

[Event "XVI Festival A"]
[Site "Cesenatico ITA"]
[Date "2012.09.05"]
[Round "5"]
[White "Drei, Andrea"]
[Black "Vincenzi, Andrea"]
[WhiteElo "2247"]
[BlackElo "1953"]
[Result "1-0"]
[PlyCount "117"]
[EventDate "2012.09.01"]

1. e4 e5 2. Nc3 Nf6 3. Nf3 Nc6 4. Bb5 d6 5. d4 exd4 6. Nxd4 Bd7 7. O-O Nxd4 8.
Qxd4 Bxb5 9. Nxb5 a6 10. Nc3 Be7 11. h3 O-O 12. Bf4 Nd7 13. Rfe1 Nc5 14. Rad1
Ne6 15. Qd2 Nxf4 16. Qxf4 Bf6 17. Rd3 Be5 18. Qg4 Qc8 19. Qxc8 Raxc8 20. Nd5
Rfe8 21. f4 Bf6 22. b3 Be7 23. Kf2 Bf8 24. c4 c6 25. Nc3 g6 26. Kf3 f6 27. a4
Rcd8 28. Red1 Be7 29. g4 Kf7 30. Ne2 a5 31. f5 g5 32. h4 h6 33. Rh1 Bf8 34. Nd4
Rd7 35. hxg5 fxg5 36. Ne6 Rxe6 37. fxe6+ Kxe6 38. Ke2 Bg7 39. Rf3 Rf7 40. Rf5
Rxf5 41. exf5+ Ke5 42. Kf3 Kf6 43. Re1 Kf7 44. Re6 Bf8 45. Ke4 Be7 46. Rxh6 Bf6
47. Rh1 Bg7 48. Kf3 Be5 49. Rh6 Bf6 50. Rg6 Ke7 51. Rg8 b6 52. Ke4 Kd7 53. Rb8
Kc7 54. Rf8 Be7 55. Rf7 Kd8 56. f6 d5+ 57. cxd5 cxd5+ 58. Kxd5 Bc5 59. Ke4 1-0

[Event "XVI Festival A"]
[Site "Cesenatico ITA"]
[Date "2012.09.05"]
[Round "5"]
[White "Gaspari, Mauro"]
[Black "Sharma, Dinesh K."]
[WhiteElo "1966"]
[BlackElo "2361"]
[Result "0-1"]
[PlyCount "110"]
[EventDate "2012.09.01"]

1. c4 Nf6 2. Nc3 g6 3. g3 Bg7 4. Bg2 d6 5. e3 O-O 6. Nge2 e5 7. d4 c6 8. O-O
Qe7 9. e4 exd4 10. Nxd4 Nbd7 11. Bf4 Ne5 12. b3 Nfd7 13. Qd2 Nc5 14. Bg5 f6 15.
Bh6 Bxh6 16. Qxh6 a5 17. h3 Bd7 18. Qe3 Rfe8 19. f4 Nf7 20. Qf2 Kg7 21. Rad1 f5
22. Rfe1 Qf6 23. e5 dxe5 24. Ndb5 b6 25. Nc7 e4 26. Qd4 Be6 27. Qxf6+ Kxf6 28.
Nxa8 Rxa8 29. Bf1 Rb8 30. Kf2 Ke7 31. Be2 Bd7 32. Ke3 Ne6 33. Rg1 Nc5 34. Rge1
Be6 35. Rg1 Nd6 36. Rd2 Ra8 37. g4 a4 38. Rgd1 axb3 39. axb3 Ndb7 40. Rb2 Ra3
41. Nb1 Rxb3+ 42. Rxb3 Nxb3 43. Nd2 N3c5 44. Rb1 Nd7 45. gxf5 gxf5 46. Rg1 Kf6
47. h4 Bf7 48. h5 h6 49. Rd1 Ke7 50. Rg1 Nf6 51. Rb1 Nd7 52. Rg1 Nd6 53. Rc1
Nf6 54. Ra1 Bxh5 55. Ra7+ Kd8 0-1

[Event "XVI Festival A"]
[Site "Cesenatico ITA"]
[Date "2012.09.05"]
[Round "5"]
[White "Monducci, Mirko"]
[Black "Mrdja, Milan"]
[WhiteElo "1942"]
[BlackElo "2347"]
[Result "0-1"]
[PlyCount "108"]
[EventDate "2012.09.01"]

1. d4 e6 2. e4 d5 3. e5 c5 4. c3 Nc6 5. Nf3 Nge7 6. Bd3 cxd4 7. cxd4 Nf5 8.
Bxf5 exf5 9. Nc3 Be6 10. Bg5 Qd7 11. h4 h6 12. Be3 Be7 13. Rc1 O-O-O 14. Qd3
Kb8 15. g3 Rhg8 16. h5 Rc8 17. Bf4 Ka8 18. a3 Na5 19. Nd2 Nc4 20. Nxc4 Rxc4 21.
Bd2 Rgc8 22. O-O f6 23. Ne2 Bf7 24. Nf4 fxe5 25. dxe5 Bg5 26. Rxc4 Rxc4 27. Rc1
Rxc1+ 28. Bxc1 Qc7 29. Qc3 Qxc3 30. bxc3 b6 31. Kf1 Kb7 32. Ke2 Kc6 33. Kd3 Be7
34. f3 Kd7 35. a4 Bg5 36. Kd4 Bxf4 37. Bxf4 Bxh5 38. Kxd5 Bxf3+ 39. Kd4 Ke6 40.
a5 bxa5 41. Bc1 a4 42. c4 g5 43. Ke3 Bb7 44. Kd4 Bc6 45. Kc5 Be8 46. Kd4 Bd7
47. Ba3 h5 48. Bc1 f4 49. gxf4 g4 50. Ke3 h4 51. Kf2 Kf5 52. Kg2 g3 53. Kg1 h3
54. c5 Bc6 0-1

[Event "XVI Festival A"]
[Site "Cesenatico ITA"]
[Date "2012.09.05"]
[Round "5"]
[White "Pacini, Ermanno"]
[Black "Salzano, Guido"]
[WhiteElo "1836"]
[BlackElo "2034"]
[Result "1/2-1/2"]
[PlyCount "93"]
[EventDate "2012.09.01"]

1. e4 e5 2. d4 exd4 3. Qxd4 Nc6 4. Qe3 Nf6 5. Nc3 Bb4 6. Bd2 O-O 7. O-O-O Re8
8. Bc4 d6 9. Nf3 Bc5 10. Qf4 Ne5 11. Nxe5 dxe5 12. Qg3 Qe7 13. Bg5 c6 14. Rd3
Be6 15. Rf3 Kh8 16. Bxe6 Qxe6 17. Bxf6 gxf6 18. Qh4 Rg8 19. Rxf6 Qe7 20. Qh6
Rxg2 21. Rf1 Rag8 22. Ne2 R8g6 23. Rxg6 Rxg6 24. Qh3 Qg5+ 25. Kb1 Qg4 26. Qxg4
Rxg4 27. Ng3 Kg8 28. f3 Rh4 29. Rh1 Kf8 30. h3 Bf2 31. Ne2 Ke7 32. Kc1 Rh6 33.
Kd2 Rd6+ 34. Kc3 Be3 35. Ng3 Bd2+ 36. Kb3 Rg6 37. Nf5+ Kf6 38. Rd1 Rg2 39. h4
Rf2 40. a3 Rxf3+ 41. Kc4 Rf4 42. Ng3 Rf2 43. Nf5 Kg6 44. Rg1+ Kf6 45. Rd1 Kg6
46. Rg1+ Kf6 47. Rd1 1/2-1/2

[Event "XVI Festival A"]
[Site "Cesenatico ITA"]
[Date "2012.09.05"]
[Round "5"]
[White "Rebeggiani, Andrea"]
[Black "Medancic, Rikard"]
[WhiteElo "1932"]
[BlackElo "2222"]
[Result "0-1"]
[PlyCount "60"]
[EventDate "2012.09.01"]

1. d4 Nf6 2. Bf4 c5 3. e3 e6 4. c3 b6 5. Nf3 Bb7 6. Nbd2 Be7 7. h3 cxd4 8. exd4
a6 9. Bd3 Nc6 10. Nc4 d6 11. a4 O-O 12. Qb3 Nd5 13. Bg3 b5 14. axb5 axb5 15.
Rxa8 Qxa8 16. Nxd6 Bxd6 17. Bxd6 Rd8 18. Ba3 b4 19. cxb4 Nf4 20. O-O Nxd4 21.
Nxd4 Rxd4 22. Rd1 Ba6 23. Bxh7+ Kxh7 24. f3 Qd8 25. Qc2+ Bd3 26. Qf2 Rd5 27. b3
Kg8 28. Bb2 Rg5 29. Qe3 Rxg2+ 30. Kh1 Qh4 0-1

[Event "XVI Festival A"]
[Site "Cesenatico ITA"]
[Date "2012.09.05"]
[Round "5"]
[White "Roeder, Matthias"]
[Black "Cocconcelli, Lorenzo"]
[WhiteElo "2432"]
[BlackElo "2017"]
[Result "1-0"]
[PlyCount "64"]
[EventDate "2012.09.01"]

1. Nf3 d5 2. c4 c6 3. e3 Nf6 4. Nc3 e6 5. b3 Nbd7 6. Qc2 Bd6 7. Bb2 Qe7 8. Be2
O-O 9. O-O a6 10. d4 dxc4 11. bxc4 e5 12. c5 Bc7 13. Rfd1 exd4 14. exd4 b6 15.
cxb6 Nxb6 16. Ne5 c5 17. Bf3 cxd4 18. Nc6 Qd6 19. g3 Bg4 20. Rxd4 Qc5 21. Bxg4
Qxc6 22. Qf5 Nxg4 23. Rxg4 f6 24. Rc1 Qd7 25. Qxd7 Nxd7 26. Nd5 Be5 27. Ba3
Rfe8 28. Nc7 Bxc7 29. Rxc7 Rad8 30. Kg2 h5 31. Ra4 Nb8 32. Rb4 a5 1-0

[Event "XVI Festival A"]
[Site "Cesenatico ITA"]
[Date "2012.09.05"]
[Round "5"]
[White "Stella, Andrea"]
[Black "Giovanardi, Rino"]
[WhiteElo "2456"]
[BlackElo "2024"]
[Result "1-0"]
[PlyCount "47"]
[EventDate "2012.09.01"]

1. Nf3 c5 2. c4 Nc6 3. Nc3 g6 4. g3 Bg7 5. Bg2 Nf6 6. O-O O-O 7. d3 e6 8. Bg5
h6 9. Bd2 d5 10. Qc1 d4 11. Na4 Kh7 12. Nxc5 Qe7 13. b4 Rb8 14. a3 b6 15. Nb3
e5 16. b5 Nd8 17. Bb4 Qe8 18. Bxf8 Bxf8 19. a4 Bb4 20. a5 e4 21. Nfxd4 exd3 22.
exd3 Qe5 23. axb6 axb6 24. Qf4 1-0

[Event "XVI Festival A"]
[Site "Cesenatico ITA"]
[Date "2012.09.05"]
[Round "5"]
[White "Volkov, Sergey"]
[Black "Naumkin, Igor"]
[WhiteElo "2575"]
[BlackElo "2473"]
[Result "1/2-1/2"]
[PlyCount "82"]
[EventDate "2012.09.01"]

1. d4 Nf6 2. c4 e6 3. Nc3 Bb4 4. Qc2 O-O 5. a3 Bxc3+ 6. Qxc3 d6 7. Bg5 Nbd7 8.
e3 b6 9. Ne2 Bb7 10. Qc2 h6 11. Bh4 c5 12. Rd1 cxd4 13. Rxd4 Qe7 14. Nc3 Ne5
15. Qd1 Ng6 16. Bg3 e5 17. Rd2 Rfd8 18. f3 Nh5 19. Bf2 e4 20. Nd5 Bxd5 21. Rxd5
Nf6 22. Rd4 Rd7 23. f4 Rad8 24. f5 Nf8 25. Bh4 Qe5 26. Bxf6 Qxf6 27. Be2 Qg5
28. Qc2 Qxe3 29. Rxe4 Qc5 30. b4 Qxf5 31. Bg4 Qf6 32. Rf1 Qa1+ 33. Kf2 Qxa3 34.
Bxd7 Nxd7 35. Qd2 Nf6 36. Rd4 a5 37. bxa5 bxa5 38. Kg1 Qc5 39. Kh1 Re8 40. Qf4
Re6 41. Rd5 Qc7 1/2-1/2

[Event "XVI Festival A"]
[Site "Cesenatico ITA"]
[Date "2012.09.05"]
[Round "5"]
[White "Zamengo, Fulvio"]
[Black "Carletti, Davide M."]
[WhiteElo "2047"]
[BlackElo "1844"]
[Result "1-0"]
[PlyCount "87"]
[EventDate "2012.09.01"]

1. e4 e5 2. Nf3 Nc6 3. Bb5 f5 4. d3 fxe4 5. dxe4 Nf6 6. O-O Bc5 7. Qe2 d6 8.
Qc4 a6 9. Bxc6+ bxc6 10. Nxe5 Qe7 11. Nxc6 Qxe4 12. Qxe4+ Nxe4 13. Be3 Bxe3 14.
fxe3 Bd7 15. Nd4 Rb8 16. b3 Rf8 17. Na3 g6 18. c4 Ke7 19. Nac2 a5 20. Rxf8 Kxf8
21. Ne2 Ke7 22. Ncd4 c6 23. Ng3 Nc5 24. Rb1 Ne6 25. Ne4 a4 26. Nc3 axb3 27.
Rxb3 Rxb3 28. Nxb3 Kd8 29. Ne4 Kc7 30. Nf6 h5 31. Nxd7 Kxd7 32. Kf2 Kc7 33. Kf3
Kb6 34. Ke4 Ng5+ 35. Kf4 Ne6+ 36. Kg3 g5 37. Kf3 d5 38. cxd5 cxd5 39. e4 d4 40.
e5 Kb5 41. Ke4 Kc4 42. Kf5 Nc5 43. e6 Nb7 44. Ke4 1-0

[Event "XVI Festival A"]
[Site "Cesenatico ITA"]
[Date "2012.09.06"]
[Round "6"]
[White "Colovic, Aleksandar"]
[Black "Pacini, Ermanno"]
[WhiteElo "2449"]
[BlackElo "1836"]
[Result "1-0"]
[PlyCount "29"]
[EventDate "2012.09.01"]

1. d4 d5 2. c4 c6 3. cxd5 cxd5 4. Nc3 Nf6 5. Bf4 Nc6 6. e3 a6 7. Bd3 Bg4 8.
Nge2 e6 9. O-O Bd6 10. f3 Bh5 11. Na4 Rc8 12. Rc1 b5 13. Bxd6 Qxd6 14. Nc5 Nb4
15. Nb7 1-0

[Event "XVI Festival A"]
[Site "Cesenatico ITA"]
[Date "2012.09.06"]
[Round "6"]
[White "De Santis, Alessio"]
[Black "Galassi, Federico"]
[WhiteElo "2325"]
[BlackElo "2163"]
[Result "1/2-1/2"]
[PlyCount "68"]
[EventDate "2012.09.01"]

1. d4 d6 2. Nf3 g6 3. c4 Bg7 4. Nc3 Nf6 5. e4 O-O 6. Be2 e5 7. O-O Nc6 8. d5
Ne7 9. Ne1 Nd7 10. Be3 f5 11. f3 f4 12. Bf2 g5 13. a4 a5 14. Nd3 b6 15. b4 axb4
16. Nxb4 Nc5 17. a5 Bd7 18. axb6 Rxa1 19. Qxa1 cxb6 20. Rb1 h5 21. Nb5 Nc8 22.
Nc6 Qf6 23. Nba7 g4 24. Nxc8 Bxc8 25. Rxb6 Nd7 26. Rb3 g3 27. hxg3 fxg3 28.
Bxg3 Nc5 29. Rb8 Bh6 30. Qa8 Be3+ 31. Kh1 Nxe4 32. fxe4 Qf1+ 33. Bxf1 Rxf1+ 34.
Kh2 Bg1+ 1/2-1/2

[Event "XVI Festival A"]
[Site "Cesenatico ITA"]
[Date "2012.09.06"]
[Round "6"]
[White "Friedrich, Norbert"]
[Black "Dittmar, Peter"]
[WhiteElo "2311"]
[BlackElo "2332"]
[Result "1/2-1/2"]
[PlyCount "32"]
[EventDate "2012.09.01"]

1. e4 e6 2. d4 d5 3. Nc3 Nf6 4. Bg5 dxe4 5. Nxe4 Nbd7 6. Nf3 h6 7. Nxf6+ Nxf6
8. Bh4 c5 9. Bb5+ Bd7 10. Qe2 Bxb5 11. Qxb5+ Qd7 12. Qxd7+ Nxd7 13. dxc5 Bxc5
14. Ke2 Be7 15. Bxe7 Kxe7 16. Rhd1 Rhd8 1/2-1/2

[Event "XVI Festival A"]
[Site "Cesenatico ITA"]
[Date "2012.09.06"]
[Round "6"]
[White "Lotti, Fabio"]
[Black "De Filomeno, Simone"]
[WhiteElo "1999"]
[BlackElo "2365"]
[Result "0-1"]
[PlyCount "64"]
[EventDate "2012.09.01"]

1. d4 d5 2. Nc3 Nf6 3. Bg5 Bf5 4. e3 e6 5. Nf3 Be7 6. Nh4 Bg4 7. Be2 Bxe2 8.
Qxe2 O-O 9. Nf3 c5 10. O-O Nc6 11. Rfd1 cxd4 12. exd4 a6 13. Ne5 Rc8 14. Nxc6
Rxc6 15. Qd3 Qb6 16. b3 Rfc8 17. Na4 Qc7 18. Bxf6 gxf6 19. c3 b5 20. Nc5 Bxc5
21. dxc5 Rxc5 22. Qf3 f5 23. Qh5 Qe5 24. Qg5+ Qg7 25. Qe3 Rxc3 26. Qb6 R3c6 27.
Qb7 f4 28. Kf1 Qf6 29. Rab1 R8c7 30. Qa8+ Kg7 31. a4 f3 32. axb5 Rc2 0-1

[Event "XVI Festival A"]
[Site "Cesenatico ITA"]
[Date "2012.09.06"]
[Round "6"]
[White "Medancic, Rikard"]
[Black "Bentivegna, Francesco"]
[WhiteElo "2222"]
[BlackElo "2319"]
[Result "1-0"]
[PlyCount "83"]
[EventDate "2012.09.01"]

1. c4 e5 2. Nc3 Nc6 3. g3 f5 4. Bg2 Nf6 5. d3 Bb4 6. Bd2 d6 7. e3 O-O 8. Nge2
a5 9. Nd5 Bxd2+ 10. Qxd2 Ne7 11. Nxf6+ Rxf6 12. Qc3 c6 13. O-O Qe8 14. f4 e4
15. dxe4 fxe4 16. Bxe4 Bg4 17. Qd2 Qf7 18. Rac1 Re8 19. Rfe1 Qh5 20. Nc3 Qf7
21. Bc2 Rd8 22. Ne4 Rh6 23. Qxa5 Qe8 24. Nf2 Be6 25. Bd1 d5 26. Bg4 dxc4 27.
Bxe6+ Rxe6 28. Rxc4 b6 29. Qxb6 Nd5 30. Qc5 Nxe3 31. Re4 Rxe4 32. Nxe4 Qxe4 33.
Qxe3 Qb4 34. Qe6+ Kf8 35. a3 Qd4+ 36. Qe3 Qd7 37. Kg2 h5 38. Qc5+ Kg8 39. Qxh5
c5 40. Re2 c4 41. Qf3 Qb5 42. Qe4 1-0

[Event "XVI Festival A"]
[Site "Cesenatico ITA"]
[Date "2012.09.06"]
[Round "6"]
[White "Mrdja, Milan"]
[Black "Stella, Andrea"]
[WhiteElo "2347"]
[BlackElo "2456"]
[Result "0-1"]
[PlyCount "60"]
[EventDate "2012.09.01"]

1. e4 e6 2. d4 d5 3. Nc3 Nf6 4. e5 Nfd7 5. f4 c5 6. Nf3 Nc6 7. Ne2 Qb6 8. c3 f6
9. g3 cxd4 10. Nexd4 fxe5 11. Nxe6 Nc5 12. Nxf8 Bg4 13. Nd7 Nxd7 14. h3 Bf5 15.
Qxd5 O-O-O 16. Qb5 Qc7 17. Be3 a6 18. Qe2 exf4 19. gxf4 Rhe8 20. Bg2 Nc5 21.
O-O Bd3 22. Qf2 Bxf1 23. Rxf1 Nd3 24. Qd2 Nxb2 25. Bd4 Nc4 26. Qd3 Ne3 27. Rf2
Nxg2 28. Rxg2 Qxf4 29. Rxg7 Nxd4 30. Nxd4 Qe3+ 0-1

[Event "XVI Festival A"]
[Site "Cesenatico ITA"]
[Date "2012.09.06"]
[Round "6"]
[White "Naumkin, Igor"]
[Black "Salzano, Guido"]
[WhiteElo "2473"]
[BlackElo "2034"]
[Result "1-0"]
[PlyCount "53"]
[EventDate "2012.09.01"]

1. d4 Nf6 2. c4 g6 3. Nc3 d5 4. cxd5 Nxd5 5. e4 Nxc3 6. bxc3 Bg7 7. Bc4 O-O 8.
Ne2 c5 9. O-O Nc6 10. Be3 e6 11. e5 Qa5 12. Rb1 a6 13. a4 Rb8 14. Qd3 Qc7 15.
Qe4 Na5 16. Bd3 Bd7 17. Qh4 Bxa4 18. Bg5 c4 19. Be4 Nc6 20. f4 Rfe8 21. Rf3 Ne7
22. Rh3 Kf8 23. Qxh7 Ng8 24. Rf1 Bc6 25. Ng3 b5 26. f5 exf5 27. Bxf5 1-0

[Event "XVI Festival A"]
[Site "Cesenatico ITA"]
[Date "2012.09.06"]
[Round "6"]
[White "Sharma, Dinesh K."]
[Black "Roeder, Matthias"]
[WhiteElo "2361"]
[BlackElo "2432"]
[Result "1/2-1/2"]
[PlyCount "21"]
[EventDate "2012.09.01"]

1. e4 c5 2. Nf3 d6 3. d4 cxd4 4. Nxd4 Nf6 5. Nc3 a6 6. Be2 e5 7. Nb3 Be7 8. O-O
O-O 9. Be3 Be6 10. a4 Nc6 11. f4 1/2-1/2